[Event "IND-chT"]
[Site "Gurgaon"]
[Date "2010.02.26"]
[Round "7"]
[White "Murali Krishnan, BT."]
[Black "Vikas, Sharma"]
[Result "1-0"]
[WhiteElo "2385"]
[BlackElo "2198"]
[PlyCount "89"]
[EventDate "2010.02.21"]
[EventType "team"]
[EventRounds "9"]
[EventCountry "IND"]
[SourceTitle "CBM 135 Extra"]
[Source "ChessBase"]
[SourceDate "2010.05.04"]
[SourceVersion "1"]
[SourceVersionDate "2010.05.04"]
[SourceQuality "1"]

1. d4 d5 2. c4 c6 3. Nc3 e6 4. Nf3 f5 5. Bf4 Nf6 6. e3 Bd6 7. Ne5 0-0 8. Bd3 Ne8 9. h3 Nd7 10. Nf3 Ndf6 11. c5 Bc7 12. 0-0 Ne4 13. Qc2 N8f6 14. b4 a6 15. a4 Nxc3 16. Qxc3 Ne4 17. Qb2 Bd7 18. b5 g5 19. Bxc7 Qxc7 20. bxa6 bxa6 21. Qb6 Qc8 22. Ne5 a5 23. Bxe4 fxe4 24. Rab1 Be8 25. Rb2 Kh8 26. Rfb1 Rg8 27. Qb7 Qd8 28. Nxc6 Bxc6 29. Qxc6 Qf6 30. Rb7 Raf8 31. R1b2 g4 32. Qc7 Qf5 33. hxg4 Rxg4 34. Rb8 Rfg8 35. Rxg8+ Rxg8 36. Rb8 Rxb8 37. Qxb8+ Kg7 38. c6 Kf7 39. Qc7+ Kf8 40. Qd6+ Kf7 41. c7 Qh5 42. Qf4+ Ke7 43. c8Q Qd1+ 44. Kh2 Qh5+ 45. Kg3 1-0